01802cam a2200265 450000100060000000300080000600500170001400800390003103500140007004000230008404100080010708200130011524501310012826000430025930000280030235000120033050400410034250508770038365100310126070000340129170000400132594200120136599900170137795201420139425461BD-RjUL20211209050901.0140318s1970 ii b 011 0 eng a(BD-RjUL) aDLCcDLCdDLCbeng aeng a950bSTU00aStudies in Asian history and culture /bpresented to Dr. B. R. Chatterji on his eightieth birthday.cEdited by Buddha Prakash. a[Meerut :bMeenakshi Prakashan,c1970. axxxii, 215 p. :c23 cm. aRs25.00 aIncludes bibliographical references.0 aFrom medieval to modern in Asian history, by Buddha Prakash.--Survey of some aspects of Old-Javanese inscriptions of central Java, by H. B. Sarkar.--Chʾuan-Fa Yuan, the imperial institute for transmission of Buddha-dharma in Sung China, by Jan Yun-Hua.--Karman and retributive justice in ancient Java, by J. Gonda.--The study of oriental cultures in western universities, by J. R. Riviere.--Sanskrit lexicons in Tibet, by Lokesh Chandra.--Man-Chu-Shih-li, an essay on polity and religion in inner Asia, by N. C. Sinha.--The glory of Indian art in the eastern seas, by R. Mukerjee.--The Vo-Canh inscription, by R. C. Majumdar.--The concept of cetana in Indonesian Saivism, by S. D. Singhal.--Narayana as ocean, by V. S. Agrawala.--The birth-place of Bhavabhuti, by V. V. Mirashi.--Glimpses of greater India, by S. C. Roy.--Vietnam: conditions for peace, by K. R. Bombwall. 0aAsiaxCivilization.9782961 aChatterjee, Bijan Raj.9782971 aPrakash, Buddha,d1924-eed.978298 2ddccBK c25461d25461 00102ddc40728NFICaRUCLbRUCLcReadingd1974-06-19eIndia Govt Gift.g0.00l0o950 STU 1970r2014-03-18 00:00:00tC-1w2014-03-18yBK